| 000 | 00849nam a2200217Ia 4500 | ||
|---|---|---|---|
| 003 | IN-BaIIA | ||
| 008 | 211028s9999 xx 000 0 eng d | ||
| 040 | _cIIA Library | ||
| 080 |
_a528.7(082.1) _bPHO |
||
| 111 |
_aSymposium Photoelectric Photometry _n2nd _cNew Zeland _d1982 May 10-12 _913273 |
||
| 245 | 0 |
_aPhotoelectric photometry _bproceedings of the second New Zeland symposium, Auckland, New Zeland May 10-12, 1982 _cedited by G. L. Blow and McIntosh R. |
|
| 260 |
_aNew Zealand _bRoyal Astronomical Society _c1982 |
||
| 300 | _a209p. | ||
| 490 | _aSouthern stars; v. 30 | ||
| 650 | _aAstronomy and astrophysics thesaurus | ||
| 650 |
_aPhotoelectric photometry _92971 |
||
| 650 |
_aPhotometry _91839 |
||
| 700 |
_aBlow, G. L., ed. _913274 |
||
| 700 |
_aMcIntosh, R., ed. _913275 |
||
| 942 | _cBK | ||
| 999 |
_c7863 _d7863 |
||